00514nam a2200121 a 4500008004100000050002600041110006000067245013900127260004100266300002000307500003900327650002600366150508s1991 ||||||||||||||||| || u aGOV.ZAM(05)PD/1991/89 aGovernment of the Republic of Zambia. National Assembly10aOfficial verbatim report of the parliamentary debates of the first session of the seventh National AssemblycBy the Natiional Assembly aLusaka:bThe National Assemblyc1991 avarious pagings a22nd November- 24th December, 1991 aPARLIAMENTARY DEBATES